1559 1590 1532 1000 1571 1195 1966 1765 1808 1503 1998 1400 1452 1664 1220 1445 1282 1457 1320 1736 1599 1259 1808 1909 1728 1807 1930 1972 1247 1827 1594 1246 1306 1691 1161 1517 1357 1324 1800 1781 1645 1253 1794 1957 1859 1508 1056 1329 1458 1990 1446 1379 1282 1969 1938 1609 1337 1157 1085 1172 1899 1397 1435 1317 1745 1513 1812 1995 1597 1175 1713 1116 1647 1181 1388 1677 1034 1240 1799 1363 1864 1735 1770 1770 1692 1901 1730 1455 1290 1108 1992 1965 1858 1495 1762 1200 1736 1300 1663 BCNSPRNW ULIB Ver.6.0+V

เปลี่ยนเป็นภาษาไทย

Change to English
 แสดงรายละเอียดบรรณานุกรม
  กลับหน้าหลัก

Brief Record : Get Marc (ISO 2709) : E-mail record : QR code < ปิดหน้าต่าง
LEADER : 00000nam 2200000uu 4500
001    13399115097
003     ULIB
008    120709s2551||||th 000 0 tha d
020    ^a9789747706604
090    ^aนว.^bล699ค 2551
100 0  ^aลูกชุบ
245 00 ^aคีย์รัก จังหวะหัวใจ เล่ม 2/^cลูกชุบ
250    ^aพิมพ์ครั้งที่ 1
260    ^aกรุงเทพฯ :^bแจ่มใส,^c2551
300    ^a223 หน้า
710 1  ^aแจ่มใส
945    ^p0^l0^i14814
995    ^aกัณชพร
999    ^aใช้งานได้ทุกระบบ
รายการนี้ยังไม่มีแท็ก
คุณยังไม่ได้ล็อกอิน คุณสามารถมีกิจกรรมร่วมกับเว็บไซต์ได้ แต่ต้องล็อกอินก่อน ::
  ล็อกอิน

รายการสื่อสารสนเทศ

ลำดับที่ ประเภท เลขเรียก/บาร์โค้ด สถานที่ สถานะ
1. นวนิยาย
นวนิยาย
นว. ล699ค 2551  
  Barcode: 14814
ห้องสมุดวิทยาเขตสวรรค์ประชารักษ์
►นวนิยาย
บนชั้น
  ขอยืม

รายการใกล้เคียง
    ผู้แต่ง [ลูกชุบ]

BibComment


ยังไม่เคยถูกคอมเมนท์

คอมเมนท์ทรัพยากรรายการนี้
  คอมเมนท์: คีย์รัก จังหวะหั..


 Copyright 2026. Bcnsprnw @Library